000 00860cpcaa2200265 4500
001 mm 79003436
003 DLC
005 20260227111643.0
008 790521|||||||||||| eng
010 _amm 79003436
040 _aDLC
_cDLC
_edacs
_dDLC
072 7 _aL
_2lcmd
100 1 _aFuller, Margaret,
_d1872-1954.
245 0 0 _aMargaret Fuller poems,
_fundated.
300 _a2
_fitems.
506 0 _aOpen to research.
533 _aTypewritten transcripts.
_b[S.l.].
545 0 _aAuthor and poet.
546 _aCollection material in English.
580 _aForms part of: Miscellaneous Manuscripts collection.
656 7 _aAuthors.
_2itoamc
656 7 _aPoets.
_2itoamc
999 _c41328
_d41328